| 000 | 00736nam a22002297a 4500 | ||
|---|---|---|---|
| 005 | 20130513113600.0 | ||
| 010 | _aENG-107150 | ||
| 020 |
_a9781259064494 _c325.00 |
||
| 020 |
_a1259064492 _c325.00 |
||
| 035 | _aEN-90683 | ||
| 037 | _bDBAD/PUB | ||
| 082 | 0 | 0 |
_a381.142 _223 |
| 100 | 1 |
_aKawasaki, Guy, _d1954- |
|
| 245 | 1 | 0 |
_aWhat the plus! : _bGoogle+ for the rest of us / _cby Guy Kawasaki |
| 260 |
_aNew Delhi _bTata McGraw-Hill _c2013 |
||
| 270 |
_a7 West Patel Nagar _bNew Delhi _e110008 |
||
| 300 |
_ax, 197p. : _bill. _c23cm(pbk) |
||
| 650 | 0 | _aOnline social networks. | |
| 650 | 0 | _aInternet marketing. | |
| 650 | 7 | _aBUSINESS & ECONOMICS / E-Commerce / Internet Marketing. | |
| 942 |
_2ddc _cEN _h381.142 _mKAW |
||
| 999 |
_c75473 _d75473 |
||